Aquatic animals by picture - Statistics

General Stats
  • This quiz has been taken 44 times
  • The average score is 3 of 8
Answer Stats
Picture Answer % Correct
Manta ray
90%
Sunfish
90%
Box Jellyfish
56%
Mahi mahi
46%
Sea bunny
26%
Pilot whale
23%
Giant pacific octopus
10%
Tresher shark
5%
No matching quizzes found
Score Distribution
Percent of People with Each Score
Percentile by Number Answered
Your Score History
You have not taken this quiz